| 000 -LEADER |
| fixed length control field |
nam a22 7a 4500 |
| 005 - DATE AND TIME OF LATEST TRANSACTION |
| control field |
20180613082832.0 |
| 008 - FIXED-LENGTH DATA ELEMENTS--GENERAL INFORMATION |
| fixed length control field |
180613b xxu||||| |||| 00| 0 eng d |
| 020 ## - IDENTIFIER FOR THE MANIFESTATION |
| Identifier for the Manifestation |
9780276442933 |
| Binding |
hardcover |
| 040 ## - CATALOGING SOURCE |
| Language of Cataloging |
eng |
| Transcribing Agency |
APEC Schools Library |
| Description Conventions |
rda |
| 082 ## - DEWEY DECIMAL CLASSIFICATION NUMBER |
| Classification number |
C 333.7 |
| Author's Number |
C839r 2008 |
| 100 ## - CREATOR |
| Preferred Name of the Person |
Coyne, Celia |
| 245 ## - TITLE AND STATEMENT OF RESPONSIBILITY |
| Preferred Title Proper |
Earth's riches / |
| Statement of Responsibility/Parallel Statement of Responsibility |
Celia Coyne |
| 250 ## - EDITION STATEMENT |
| Designation of Edition/Designation of a Named Revision of an Edition |
First edition |
| 264 ## - PUBLICATION STATEMENT |
| Place of publication, distribution, etc |
London, UK : |
| Publisher's Name/Parallel Publisher's Name |
Reader's Digest Association, |
| Copyright |
©2008. |
| Date of Publication |
[2008] |
| 300 ## - PHYSICAL DESCRIPTION |
| Extent |
160 pages : |
| Illustrative Content |
color illustrations ; |
| Dimensions |
30 cm |
| 336 ## - RDA CONTENT |
| Source |
rdacontent |
| Content Type |
text |
| 337 ## - RDA MEDIA |
| Source |
rdamedia |
| Media Type |
unmediated |
| 338 ## - RDA CARRIER |
| Source |
rdacarrier |
| Carrier Type |
volume |
| 490 ## - SERIES STATEMENT |
| Title Proper of Series |
Nature's mighty powers |
| 504 ## - BIBLIOGRAPHY, ETC. NOTE |
| Bibliography, etc |
Includes index |
| 505 ## - CONTENTS |
| Related Work = Contents |
The Solar Powerhouse 1 -- Energy from Within 34 -- Stored Energy 3 -- Water and Wind Power 76 -- Rich and Rare 94 -- Strength to Strength 122 -- Unsung Riches 142 |
| 520 ## - SUMMARIZATION OF THE CONTENT |
| Summarization of the Content |
Powerful forces are constantly shaping the Earth and the material within it. Discover how these forces have forged the riches of our planet - from gems to geothermal energy - and how we exploit them. |
| 942 ## - ADDED ENTRY ELEMENTS (KOHA) |
| Source of Classification |
|
| Koha Item Type |
Books |